000 02085nam a2200289 4500
001 114440
003 DR-UNIBE
005 20260311144152.0
008 260311b2005 dr ||||| |||| 00| 0 spa d
040 _aBIBLIOTECA UNIBE
_bspa22
_cBIBLIOTECA UNIBE
041 _aspa
082 _222
_aRD 972.93053 C737d 2005
245 0 0 _aComplot develado
250 _aSegunda edición
260 _aSanto Domingo :
_bFundación Testimonio, Inc.,
_c2005
300 _a364 páginas :
_bilustraciones, retratos (blanco y negro) ;
_c23 cm
490 _aFundación Testimonio ;
_v1
505 0 _aPrólogo | Capítulo I. El patíbulo insular, 7 -- Capítulo II. La oscura noche sin tregua | Capítulo III. Entre la espada y el muro | Capítulo IV. Breve prontuario de un criminal trujillista | Capítulo V. Colofón | ¡Complot develado! | Introducción | Quién es el autor | Capítulo I. La tumultuosa cuenca del Caribe | Capítulo II. Primeros trabajos: intervención de miembro del clero en la formación de los primeros cuadros entre el estudiantado | Capítulo III. Generalización de movimiento | Capítulo IV. Contribución de personas beneficiarias, política y económicamente, del gobierno en el financiamiento y actividades del movimiento | Capítulo V. Un aspecto en el movimiento | Capítulo VI. Contactos con el exterior: la intervención extranjera: nueva agresión de los gobiernos de Cuba y Venezuela | Capítulo VII. Idea y proyecto de una plataforma política | Índice de nombres
610 2 4 _aMovimiento Revolucionario 14 de junio (República Dominicana)
_9203165
650 7 _2lemb
_aActividades clandestinas
_zRepública Dominicana
_xHistoria
_ySiglo XX
_9203171
650 7 _2lemb
_aMovimientos revolucionarios
_zRepública Dominicana
_910455
650 7 _2lemb
_aRevolucionarios
_zRepública Dominicana
_910453
651 7 _2lemb
_aRepública Dominicana
_xPolítica y gobierno
_xHistoria
_yEra de Trujillo, 1930-1961
_9203167
653 _aMovimiento popular dominicano
700 1 _aValera Benítez, Rafael,
_d1928-2001
_eprologuista
_9203168
942 _2ddc
_cBK
999 _c114440
_d114440